header

Friendships, peer socialization and social identity among adolescent skateboarders and graffiti writers (Record no. 60911)

MARC details
000 -LEADER
fixed length control field 01641nam a2200397 a 4500
082 04 - DEWEY DECIMAL CLASSIFICATION NUMBER
Classification number 305.23509941
100 1# - MAIN ENTRY--AUTHOR NAME
Personal name Taylor, Myra,
245 10 - TITLE STATEMENT
Title Friendships, peer socialization and social identity among adolescent skateboarders and graffiti writers
260 ## - PUBLICATION, DISTRIBUTION, ETC. (IMPRINT)
Place of publication New York :
Name of publisher Novinka/Nova Science Publishers,
Year of publication c2010.
300 ## - PHYSICAL DESCRIPTION
Number of Pages x, 41 p.
490 1# - SERIES STATEMENT
Series statement Social issues, justice and status
650 #0 - SUBJECT ADDED ENTRY--TOPICAL TERM
Topical Term Age groups
Topical Term Group identity
Topical Term Teenagers
700 1# - ADDED ENTRY--PERSONAL NAME
Personal name Houghton, Stephen.
Personal name Bednall, John.
856 40 - ELECTRONIC LOCATION AND ACCESS
Uniform Resource Identifier http://site.ebrary.com/lib/rucke/Doc?id=10681092

No items available.

© 2026 Rongo University
Contact us: librarian | system librarian | Rongo university